00890nam a2200229 a 450000100100000000500170001000800410002704000250006804100380009308200150013110000230014624000400016924501350020926000380034430000280038253400500041070000280046070000330048804900090052195201130053099900170064300002514320200930023603.0110208s1963 sp a r 000 | spa d aDO-SdBNPbspacBNPHU aenghspa2Código de idioma MARC axxxbA193l1 aAdam, J. B.951550 0aThe language laboratory.lEspañol10aLaboratorio de idiomas :bnuevo enfoque de la enseñanza de idiomas /cJ. B. Adam, A. J. Shawcross; traducción Ricardo Jordana. aBarcelona :bRamon Sopena,c1963. a208 p. :bil. ;c21 cm. aTítulo original :tThe language laboratory.1 aA. J. Shawcross.9515511 aJordana, Ricardoetr.951552 aBNGR 001050718MOaGRbGRcCTd2011-02-10iLF1l0oxxx A193lp25143-10r2020-06-25w2020-06-25y1ZNo se presta c24636d24636